000 00309nam a22001457a 4500
003 SGT
020 _a9780199489084
082 _a641.1
_bROD
100 _aRODAY,SUNETRA
245 _aFOOD SCIENCE AND NUTRITION
250 _a3RD
260 _aOXFORD UNIVERSITY
_c2018
300 _a441
942 _2ddc
_cBK
_010
999 _c16672
_d16672